[Event "JUG-chT2"]
[Site "Tivat"]
[Date "1995.??.??"]
[Round "8"]
[White "Pejovic, Branko"]
[Black "Karaklajic, Nikola"]
[Result "0-1"]
[WhiteElo "2325"]
[BlackElo "2375"]
[PlyCount "80"]
[EventDate "1995.??.??"]
[Source "www.chesslib.no"]
[SourceDate "2004.05.04"]

1. Nf3 d5 2. d3 Bg4 3. Nbd2 Nc6 4. e4 Nd4 5. Be2 Nxe2 6. Qxe2 e6 7. O-O Nf6 8. h3 Bh5 9. e5 Nd7 10. Re1 h6 11. Nf1 c5 12. g4 Bg6 13. Ng3 Be7 14. Kg2 h5 15. Bf4 hxg4 16. hxg4 Qb6 17. c3 O-O-O 18. d4 Kb8 19. a3 c4 20. Rh1 Qb3 21. Nf5 Rhe8 22. Nxe7 Rxe7 23. Bg5 f6 24. exf6 gxf6 25. Bxf6 Bd3 26. Be5+ Kc8 27. Qe3 Be4 28. Kg3 Qxb2 29. Raf1 Nxe5 30. dxe5 Bxf3 31. Qxf3 d4 32. Rc1 d3 33. Qe4 Qb3 34. Rb1 Qa2 35. Rb4 Rc7 36. Rhb1 Qe2 37. Qxe2 dxe2 38. Kf3 Rd5 39. Re1 Rxe5 40. Rxe2 Rf7+ 0-1

[Event "Linares Anibal op 7th"]
[Site "Linares"]
[Date "2000.01.07"]
[Round "1"]
[White "Sulskis, Sarunas"]
[Black "Vilar Lopez, Monica"]
[Result "1-0"]
[WhiteElo "2521"]
[BlackElo "2158"]
[PlyCount "71"]
[EventDate "2000.01.07"]
[Source "ChessBase"]
[SourceDate "2000.04.05"]

1. Nf3 d5 2. d3 Nf6 3. Bg5 e6 4. Nbd2 Be7 5. c3 c5 6. e3 O-O 7. d4 b6 8. Bd3 cxd4 9. cxd4 Ba6 10. Bxa6 Nxa6 11. O-O Qd7 12. Ne5 Qb7 13. f4 Rac8 14. f5 Nb4 15. a3 Nc6 16. Rc1 exf5 17. Nxc6 Rxc6 18. Rxc6 Qxc6 19. Rxf5 Rc8 20. Bxf6 Bxf6 21. Qf3 Rd8 22. Nf1 h6 23. h3 Qe6 24. Nh2 h5 25. g4 Rc8 26. gxh5 Rc1+ 27. Nf1 Rb1 28. b4 Ra1 29. b5 Rxa3 30. Rxd5 a5 31. bxa6 Rxa6 32. Rf5 Ra3 33. d5 Qd7 34. h6 Bd4 35. Rxf7 Qxf7 36. h7+ 1-0

[Event "XXI Open"]
[Site "Pola CRO"]
[Date "2007.06.25"]
[Round "3.21"]
[White "Komic, Ibrahim"]
[Black "Barle, Janez"]
[Result "1/2-1/2"]
[WhiteElo "2259"]
[BlackElo "2400"]
[PlyCount "92"]
[EventDate "2007.06.23"]
[Source "www.chesslib.no"]
[SourceDate "2004.05.04"]

1. Nf3 d5 2. d3 Nc6 3. g3 Bg4 4. h3 Bxf3 5. exf3 e6 6. f4 g6 7. Bg2 Bg7 8. O-O Nge7 9. Nd2 a5 10. a4 O-O 11. Re1 d4 12. Nc4 Nd5 13. Bd2 b6 14. Ne5 Nxe5 15. fxe5 Qd7 16. Qg4 c5 17. Bxd5 Qxd5 18. Qe4 c4 19. dxc4 Qxc4 20. Bc3 Bxe5 21. Qxe5 dxc3 22. b3 Qc6 23. Re3 Rac8 24. Rd1 Rfd8 25. Red3 Rxd3 26. Rxd3 h6 27. h4 h5 28. Qd4 Kf8 29. Qe5 Ke7 30. Qg5+ Ke8 31. Qe5 Ke7 32. Qg5+ Kf8 33. Qe5 Kg8 34. Qd4 Qc7 35. Qf6 Qc5 36. Kg2 e5 37. Rd6 Rb8 38. Kg1 Qa3 39. Qxe5 Qc1+ 40. Kg2 Qxc2 41. Rc6 Rd8 42. Qxc3 Qe4+ 43. Kh2 Qf5 44. Kg2 Qe4+ 45. Kh2 Qe2 46. Kg2 Qe4+ 1/2-1/2

[Event "Open, Presov SVK"]
[Site "?"]
[Date "2001.??.??"]
[Round "5"]
[White "Titu Maiorescu, D."]
[Black "Balogh, T."]
[Result "0-1"]
[WhiteElo "2290"]
[BlackElo "2365"]
[PlyCount "90"]
[EventDate "2001.??.??"]
[Source "www.chesslib.no"]
[SourceDate "2004.05.04"]

1. Nf3 d5 2. d3 Nf6 3. Nbd2 Bf5 4. g3 h6 5. Bg2 e6 6. O-O Bc5 7. c4 c6 8. cxd5 cxd5 9. Nb3 Be7 10. Nbd4 Bh7 11. b4 Nbd7 12. Rb1 O-O 13. Qb3 a5 14. a3 axb4 15. axb4 Qb6 16. Be3 Qa6 17. Ra1 Qxa1 18. Rxa1 Rxa1+ 19. Bf1 Rc8 20. Nc2 Raa8 21. Bd4 Ne8 22. Bb2 Nd6 23. h4 Nb5 24. Bh3 Bf6 25. Nfd4 Nxd4 26. Nxd4 Kh8 27. Nb5 Ra6 28. Kg2 Rb6 29. Bxf6 Nxf6 30. Nd4 Rd6 31. b5 Bg6 32. Qb4 Rcd8 33. f4 Bh5 34. Kf2 Bg4 35. Bg2 Kg8 36. Nb3 R6d7 37. Nc5 Re7 38. Nb3 Rde8 39. d4 Rc7 40. b6 Rc2 41. Bf3 Ne4+ 42. Bxe4 Rxe2+ 43. Kg1 dxe4 44. Qa4 Rc8 45. Nc5 e3 0-1

[Event "Wiesbaden Open"]
[Site "Wiesbaden GER"]
[Date "1993.??.??"]
[Round "8"]
[White "Bandza, Algirdas"]
[Black "Grabliauskas, Virginijus"]
[Result "1-0"]
[WhiteElo "2350"]
[BlackElo "2300"]
[PlyCount "45"]
[EventDate "1993.??.??"]
[Source "www.chesslib.no"]
[SourceDate "2004.05.04"]

1. Nf3 d5 2. d3 Bg4 3. Nbd2 e6 4. Ne5 Bh5 5. g4 Bg6 6. h4 Bd6 7. Ndf3 f6 8. Nxg6 hxg6 9. d4 g5 10. c3 c6 11. Qc2 Qe7 12. Rh3 gxh4 13. Nxh4 Qf7 14. Nf5 exf5 15. Rxh8 fxg4 16. Qf5 Nd7 17. Qxg4 g6 18. Bf4 f5 19. Qh4 Bxf4 20. Qxf4 O-O-O 21. e3 Ndf6 22. Be2 Ne4 23. Qh2 1-0

[Event "otb"]
[Site "otb"]
[Date "2007.03.08"]
[Round "8"]
[White "Stanec Nikolaus"]
[Black "Sachsenhofer Michael"]
[Result "1-0"]
[WhiteElo "2504"]
[BlackElo "2144"]
[PlyCount "105"]
[Source "www.chesslib.no"]
[SourceDate "2004.05.04"]

1. Nf3 d5 2. d3 Nf6 3. Nbd2 Nc6 4. e4 e5 5. exd5 Nxd5 6. g3 Bg4 7. Bg2 Be7 8. O-O O-O 9. Re1 f6 10. h3 Bh5 11. a3 Bf7 12. Ne4 Qd7 13. b4 Rad8 14. Bb2 Rfe8 15. Rb1 Nb6 16. Ba1 Nc8 17. Qc1 Bf8 18. Qb2 b6 19. Rbd1 Nd4 20. Nxd4 exd4 21. Qc1 c5 22. bxc5 Bxc5 23. Nxc5 bxc5 24. Rxe8+ Rxe8 25. c3 Qd6 26. cxd4 cxd4 27. Qb2 Nb6 28. Rc1 Rd8 29. Rc6 Qe5 30. Kh2 h6 31. Qb4 Bg6 32. Qb3+ Kh7 33. Qc2 Qa5 34. Bb2 Na4 35. Bc1 Nc3 36. Qd2 Qb5 37. Rc7 Rd7 38. Bc6 Rxc7 39. Bxb5 Nxb5 40. Bb2 Nc3 41. g4 a5 42. h4 Kh8 43. h5 Bh7 44. Qe1 Bg8 45. Qe8 Rc5 46. Kg2 Rg5 47. Kh3 Re5 48. Qf8 Re2 49. Bc1 Rxf2 50. Bxh6 gxh6 51. Qxh6+ Bh7 52. Qf8+ Bg8 53. h6 1-0

[Event "COL Ch"]
[Site "?"]
[Date "2003.07.24"]
[Round "4"]
[White "Cuartas Carlos"]
[Black "Echavarria Johann"]
[Result "1/2-1/2"]
[WhiteElo "2292"]
[BlackElo "2351"]
[PlyCount "29"]
[EventDate "2003.??.??"]
[Source "www.chesslib.no"]
[SourceDate "2004.05.04"]

1. Nf3 d5 2. d3 Bg4 3. Nbd2 Nd7 4. e4 e6 5. Be2 Bd6 6. Nd4 Bxe2 7. Qxe2 Ngf6 8. exd5 Nxd5 9. Ne4 Be7 10. Bd2 O-O 11. O-O c6 12. c4 N5f6 13. Bc3 Nc5 14. Nxc5 Bxc5 15. Nb3 1/2-1/2

[Event "Camp. austriaco"]
[Site "Tweng AUT"]
[Date "2007.08.04"]
[Round "1"]
[White "Holzer, G."]
[Black "Pilaj, H."]
[Result "1/2-1/2"]
[WhiteElo "2254"]
[BlackElo "2388"]
[PlyCount "90"]
[EventDate "2007.08.04"]
[Source "www.chesslib.no"]
[SourceDate "2004.05.04"]

1. Nf3 d5 2. d3 g6 3. Nbd2 Bg7 4. g3 e5 5. Bg2 Ne7 6. O-O O-O 7. c3 a5 8. a4 b6 9. c4 Bb7 10. Qc2 Na6 11. cxd5 Nb4 12. Qb1 Bxd5 13. Ra3 h6 14. e4 Be6 15. Nc4 Nec6 16. Be3 Qe7 17. Rc3 Rad8 18. Rfc1 Nd4 19. Kf1 Nxf3 20. Bxf3 Rd7 21. Be2 Qd8 22. b3 f5 23. f3 f4 24. Bf2 Bxc4 25. dxc4 c5 26. Rd1 Rxd1+ 27. Qxd1 Qe7 28. Qe1 h5 29. Rc1 g5 30. Kg2 Rd8 31. Qf1 Rd6 32. Be1 Nc6 33. Kh1 Qd7 34. Bc3 Kf7 35. Rd1 Rxd1 36. Bxd1 Bf6 37. Qe2 fxg3 38. hxg3 Qh3+ 39. Qh2 Qf1+ 40. Qg1 Qh3+ 41. Qh2 Qf1+ 42. Qg1 Qd3 43. Qe1 h4 44. Kg2 hxg3 45. Qd2 Qxd2+ 1/2-1/2

[Event "Sonnevanck"]
[Site "Wijk aan Zee"]
[Date "1996.??.??"]
[Round "5"]
[White "Bricard, Emmanuel"]
[Black "Willemze, Jeroen"]
[Result "1/2-1/2"]
[WhiteElo "2475"]
[BlackElo "2160"]
[PlyCount "57"]
[EventDate "1996.11.??"]
[Source "ChessBase"]

1. Nf3 d5 2. d3 c6 3. Nbd2 Nf6 4. e4 Bg4 5. Be2 Qc7 6. c3 e5 7. O-O Nbd7 8. Re1 Be7 9. Qc2 O-O 10. Nf1 dxe4 11. dxe4 Nc5 12. Ng3 Rfd8 13. Be3 Ne6 14. h3 Bxf3 15. Bxf3 Bc5 16. Bxc5 Nxc5 17. Rad1 Rxd1 18. Rxd1 Rd8 19. b4 Ne6 20. Rxd8+ Qxd8 21. Be2 Nf4 22. Bc4 N6h5 23. Nxh5 Nxh5 24. g3 Nf6 25. Kg2 h6 26. Qe2 Qd6 27. Bb3 Qc7 28. Qc4 Ne8 29. Qc5 1/2-1/2

[Event "Rabac (open)"]
[Site "?"]
[Date "2003.11.15"]
[Round "1.3"]
[White "Kozarcanin Sead"]
[Black "Fercec Nenad"]
[Result "1/2-1/2"]
[WhiteElo "2191"]
[BlackElo "2444"]
[PlyCount "66"]
[EventDate "2003.??.??"]
[Source "www.chesslib.no"]
[SourceDate "2004.05.04"]

1. Nf3 d5 2. d3 Nc6 3. Nbd2 e5 4. e4 Nge7 5. c3 g6 6. g3 Bg7 7. Bg2 O-O 8. O-O h6 9. Re1 Re8 10. Qc2 Be6 11. h3 Qd7 12. Kh2 Rad8 13. Nf1 b6 14. Bd2 dxe4 15. dxe4 Qd3 16. Qxd3 Rxd3 17. b3 Red8 18. Rac1 Na5 19. Rc2 Nb7 20. Ne3 R3d7 21. Bc1 Nc5 22. Bf1 Nxe4 23. Bc4 Nc5 24. Bxe6 Nxe6 25. Ng4 f6 26. Bxh6 Rd3 27. Bxg7 Kxg7 28. Nfxe5 fxe5 29. Rxe5 R8d6 30. Rce2 Kf7 31. Nh6+ Kf6 32. Ng4+ Kf7 33. Nh6+ Kf6 1/2-1/2

[Event "Finkenstein Open"]
[Site "Finkenstein"]
[Date "1995.??.??"]
[Round "7"]
[White "Mazi, Leon"]
[Black "Soln, Primoz"]
[Result "1/2-1/2"]
[WhiteElo "2360"]
[BlackElo "2270"]
[PlyCount "77"]
[EventDate "1995.??.??"]
[Source "www.chesslib.no"]
[SourceDate "2004.05.04"]

1. Nf3 d5 2. d3 c6 3. Nbd2 Bg4 4. h3 Bh5 5. g3 Nd7 6. Bg2 e6 7. O-O Ngf6 8. c4 Be7 9. b3 O-O 10. Bb2 a5 11. Qc2 a4 12. Bc3 b5 13. b4 bxc4 14. dxc4 Bg6 15. Qb2 a3 16. Qb3 c5 17. Rac1 cxb4 18. Bxb4 Rb8 19. Bxe7 Qxe7 20. Qe3 Rfc8 21. Nh4 Qc5 22. Qxc5 Rxc5 23. cxd5 exd5 24. Rxc5 Nxc5 25. Rc1 Nfe4 26. Nxg6 hxg6 27. Nb1 Rb2 28. Nxa3 Rxa2 29. Nb5 Rb2 30. Nc3 Nb3 31. Rb1 Rxb1+ 32. Nxb1 f5 33. Bxe4 dxe4 34. Nc3 Kf7 35. f4 exf3 36. exf3 g5 37. Kf2 Ke6 38. Ke3 Ke5 39. Ne2 1/2-1/2

[Event "RUS-ch sf"]
[Site "?"]
[Date "2003.??.??"]
[Round "2"]
[White "Dvalishvili Pavel S"]
[Black "Tsybulnik Andrei"]
[Result "1-0"]
[WhiteElo "2432"]
[BlackElo "2194"]
[PlyCount "81"]
[EventDate "2003.??.??"]
[Source "www.chesslib.no"]
[SourceDate "2004.05.04"]

1. Nf3 d5 2. d3 c6 3. Nbd2 Nf6 4. e4 Bg4 5. h3 Bxf3 6. Qxf3 e6 7. g4 h6 8. Bg2 Nbd7 9. Qe2 Qc7 10. O-O Bd6 11. d4 dxe4 12. Nxe4 Nxe4 13. Qxe4 Nf6 14. Qf3 O-O-O 15. Rd1 Bh2+ 16. Kh1 Nd5 17. c4 Nb6 18. b3 g5 19. a4 Nd7 20. a5 a6 21. b4 f5 22. b5 fxg4 23. hxg4 Rdf8 24. Qe2 Bf4 25. bxc6 bxc6 26. Ba3 h5 27. gxh5 Rf5 28. Qxe6 Rxh5+ 29. Kg1 Bh2+ 30. Kf1 Rxf2+ 31. Kxf2 Bg3+ 32. Ke2 Rh2 33. Qe4 Nf6 34. Qf5+ Nd7 35. Rg1 c5 36. Qxg5 Bh4 37. Qg8+ Bd8 38. Qd5 cxd4 39. Bd6 Qa7 40. Bxh2 d3+ 41. Qxd3 1-0

[Event "London ENG"]
[Site "?"]
[Date "2005.08.30"]
[Round "10"]
[White "Day Lawrence A"]
[Black "Houska Jovanka"]
[Result "1-0"]
[WhiteElo "2270"]
[BlackElo "2342"]
[PlyCount "59"]
[EventDate "2005.??.??"]
[Source "www.chesslib.no"]
[SourceDate "2004.05.04"]

1. Nf3 d5 2. d3 c6 3. h3 Qc7 4. e4 Nf6 5. e5 Nfd7 6. d4 e6 7. Bd3 c5 8. c3 Nc6 9. a3 Be7 10. O-O a5 11. Re1 b6 12. Bf4 Ba6 13. Bxa6 Rxa6 14. c4 dxc4 15. d5 exd5 16. Qxd5 b5 17. Nc3 Qb7 18. e6 fxe6 19. Rxe6 Nf6 20. Rxf6 gxf6 21. Qh5+ Kd7 22. Rd1+ Nd4 23. Nxd4 cxd4 24. Rxd4+ Ke6 25. Re4+ Kd7 26. Qf5+ Ke8 27. Nd5 b4 28. Nxe7 bxa3 29. Nc6+ Kf7 30. Qh5+ 1-0

[Event "BL2-Sued 0001"]
[Site "Germany"]
[Date "2000.12.10"]
[Round "3.6"]
[White "Miltner, Arndt"]
[Black "Schulze, Andreas"]
[Result "1-0"]
[WhiteElo "2369"]
[BlackElo "2241"]
[PlyCount "89"]
[EventDate "2000.10.15"]
[Source "ChessBase"]
[SourceDate "2001.07.03"]

1. Nf3 d5 2. d3 g6 3. Nbd2 Bg7 4. e4 dxe4 5. dxe4 Nf6 6. Bc4 O-O 7. O-O c6 8. Re1 b5 9. Bf1 Bb7 10. c3 a5 11. a4 b4 12. cxb4 axb4 13. Qc2 Nbd7 14. Nb3 c5 15. Bg5 Qc7 16. Bb5 Rac8 17. Rac1 Bc6 18. Bxc6 Qxc6 19. e5 Nd5 20. e6 fxe6 21. Nfd4 Qxa4 22. Nxe6 Rf5 23. Nxg7 Kxg7 24. Bxe7 Re8 25. Ra1 Qb5 26. Bxc5 Rxe1+ 27. Rxe1 Nxc5 28. Nxc5 Nf4 29. Ne4 Qd5 30. Rd1 Qe6 31. Rd6 Qe7 32. Qc6 Rf7 33. g3 Nh3+ 34. Kg2 Ng5 35. Nxg5 Qxg5 36. Qb6 Qf5 37. Qd4+ Kh6 38. Qe3+ Kg7 39. Rd4 Qb5 40. Qe4 Qc5 41. Qd5 Qb6 42. Qe5+ Kg8 43. h4 h5 44. Qd6 Qb7+ 45. Kg1 1-0

[Event "BCF Ch"]
[Site "Morecambe"]
[Date "1975.08.04"]
[Round "1"]
[White "De Veauce, Louis"]
[Black "Cafferty, Bernard"]
[Result "1/2-1/2"]
[WhiteElo "2270"]
[BlackElo "2335"]
[PlyCount "96"]
[EventDate "1975.08.04"]
[Source "www.chesslib.no"]
[SourceDate "2004.05.04"]

1. Nf3 d5 2. d3 Bg4 3. g3 Nd7 4. h3 Bh5 5. g4 Bg6 6. Nh4 e6 7. Nxg6 hxg6 8. Bf4 Qf6 9. Qc1 Bc5 10. Bg2 Bxf2+ 11. Kxf2 g5 12. e3 Ne7 13. Rf1 Ng6 14. Kg1 gxf4 15. Nc3 c6 16. Ne2 Nh4 17. exf4 Nxg2 18. Kxg2 O-O-O 19. d4 Rh4 20. Qe3 Rdh8 21. Rf3 Qg6 22. Qd3 Qxd3 23. cxd3 Nf6 24. Re1 Ne8 25. Ng1 Nd6 26. Rg3 R4h6 27. Rf1 a5 28. Kf3 a4 29. a3 Kd7 30. Ke3 f6 31. Rf2 b5 32. Rf1 b4 33. axb4 Rb8 34. Ra1 Rxb4 35. Ne2 Rh8 36. Nc3 Ra8 37. b3 a3 38. Na4 Ke7 39. Rxa3 Nb5 40. Ra2 Rxb3 41. Rgg2 Rb4 42. Nc5 Rxa2 43. Rxa2 Rxd4 44. Ra6 Kd6 45. Nb7+ Kc7 46. Nc5 Kd6 47. Nb7+ Kc7 48. Nc5 Kd6 1/2-1/2

[Event "Nojabrsk RUS"]
[Site "?"]
[Date "2005.03.10"]
[Round "9"]
[White "Nebolsina Vera"]
[Black "Chistiakova Tamara"]
[Result "0-1"]
[WhiteElo "2284"]
[BlackElo "2310"]
[PlyCount "76"]
[EventDate "2005.??.??"]
[Source "www.chesslib.no"]
[SourceDate "2004.05.04"]

1. Nf3 d5 2. d3 Nf6 3. Nbd2 Bf5 4. c4 c6 5. Qb3 Qc7 6. cxd5 cxd5 7. e4 dxe4 8. dxe4 Bd7 9. Bc4 e6 10. O-O Nc6 11. Qe3 Be7 12. h3 O-O 13. a3 Rac8 14. e5 Nd5 15. Qe4 Rfd8 16. Bd3 f5 17. exf6 Nxf6 18. Qe2 e5 19. Bc4+ Kf8 20. Ba2 Bf5 21. Qc4 Rd5 22. Ng5 Qd7 23. Nde4 Nb4 24. Qe2 Nxa2 25. Rxa2 Rd4 26. f3 Kg8 27. Re1 Nd5 28. Nc3 Nxc3 29. bxc3 Rxc3 30. Qxe5 Rxc1 31. Rxc1 Bxg5 32. Rc5 g6 33. Qb8+ Bd8 34. Ra1 Kf7 35. Rac1 Bb6 36. R5c3 Rc4+ 37. Kh1 Rxc3 38. Rxc3 Qd1+ 0-1

[Event "XXI Open"]
[Site "Pola CRO"]
[Date "2007.06.29"]
[Round "8.19"]
[White "Kozarcanin, Sead"]
[Black "Bellia, Fabrizio"]
[Result "0-1"]
[WhiteElo "2184"]
[BlackElo "2405"]
[PlyCount "164"]
[EventDate "2007.06.23"]
[Source "www.chesslib.no"]
[SourceDate "2004.05.04"]

1. Nf3 d5 2. d3 Nf6 3. Nbd2 Bf5 4. g3 Nc6 5. c4 d4 6. Bg2 e5 7. O-O Bd6 8. Nh4 Bd7 9. e4 g6 10. Nb3 O-O 11. Bg5 Be7 12. a3 a5 13. Nc1 Ng4 14. Bxe7 Qxe7 15. h3 Nh6 16. Qd2 Kg7 17. Ne2 g5 18. Nf3 f6 19. g4 a4 20. Ng3 Na5 21. Rab1 Nb3 22. Qd1 Ra6 23. Nd2 Nc5 24. Qc2 Rb6 25. Rfe1 Ne6 26. Nh5+ Kg8 27. Nf1 Be8 28. Nfg3 Bxh5 29. Nxh5 Rb3 30. Bf3 Nf7 31. Red1 Nh8 32. Rd2 Ng6 33. Qc1 Ngf4 34. Nxf4 Nxf4 35. Qf1 Ra8 36. Bd1 Rb6 37. Kh2 Qg7 38. Qg1 Kh8 39. Qg3 Qh6 40. Bf3 c5 41. Rh1 Kg7 42. Bd1 Qh4 43. Rg1 Qh6 44. Rh1 Ra5 45. Kg1 Qh4 46. Rh2 Rba6 47. Qxh4 gxh4 48. Kf1 h6 49. Ke1 Rb6 50. f3 Kf8 51. Be2 Rb3 52. Kd1 Ke7 53. Kc1 Kd6 54. Kb1 b5 55. cxb5 Raxb5 56. Ka2 Rb8 57. Ka1 Ra8 58. Rf2 Ke7 59. Bf1 Ra5 60. Ka2 Kf8 61. Kb1 Ke7 62. Kc1 Rab5 63. Kd1 Kd7 64. Kc1 Kc6 65. Kd1 Rb8 66. Kc1 R8b6 67. Kd1 c4 68. dxc4 d3 69. Kc1 Kc5 70. Rd1 Kd4 71. Re1 Rc6 72. Rd2 Rxc4+ 73. Kb1 Rc7 74. Rf2 Rb6 75. Rd2 Rc3 76. Ka2 Rc2 77. Rxc2 dxc2 78. Rc1 Rc6 79. Bb5 Nd3 80. Bxd3 Kxd3 81. b4 Kd2 82. Kb2 Rc3 0-1

[Event "It"]
[Site "Dhaka (Bangladesh)"]
[Date "2007.05.27"]
[Round "1"]
[White "Haque Rezaul (BAN)"]
[Black "Abu Sufian Sakil (BAN)"]
[Result "1/2-1/2"]
[WhiteElo "2206"]
[BlackElo "2356"]
[PlyCount "128"]
[EventDate "2007.??.??"]
[Source "www.chesslib.no"]
[SourceDate "2004.05.04"]

1. Nf3 d5 2. d3 c6 3. c3 Bf5 4. Nh4 Bg4 5. h3 Bh5 6. g4 e6 7. Nf3 Bg6 8. Ne5 Bd6 9. Nxg6 hxg6 10. e4 Nf6 11. Bg2 Qc7 12. Be3 Bf4 13. Qf3 g5 14. Nd2 Nbd7 15. d4 dxe4 16. Nxe4 Nxe4 17. Qxe4 Bxe3 18. Qxe3 Qf4 19. Qxf4 gxf4 20. h4 O-O-O 21. O-O-O e5 22. g5 exd4 23. Bh3 Kc7 24. Bxd7 Rxd7 25. Rxd4 Rxd4 26. cxd4 g6 27. Kd2 Kd6 28. Ke2 Kd5 29. Kf3 Kxd4 30. Kxf4 Kd5 31. Kg4 c5 32. f4 Re8 33. h5 gxh5+ 34. Rxh5 Kd6 35. Rh7 Re2 36. b3 Ke7 37. f5 Rg2+ 38. Kf4 Rf2+ 39. Ke5 Re2+ 40. Kd5 Rd2+ 41. Kxc5 Rf2 42. f6+ Ke6 43. Rg7 Rxa2 44. Rg8 Ra5+ 45. Kc4 Rf5 46. Re8+ Kd6 47. Re7 Kc6 48. Rxf7 Rxg5 49. Rg7 Rf5 50. f7 Rf4+ 51. Kd3 a5 52. Ke3 Rf1 53. Ke4 b5 54. Ke5 Kc5 55. Ke6 Kb4 56. Rg8 Rxf7 57. Kxf7 Kxb3 58. Rb8 b4 59. Ke6 a4 60. Kd5 Kc3 61. Rc8+ Kd3 62. Rc4 b3 63. Rxa4 b2 64. Rb4 Kc2 1/2-1/2

[Event "It (Open) Djakovo CRO"]
[Site "?"]
[Date "2006.05.01"]
[Round "2"]
[White "Kozarcanin Sead"]
[Black "Sertic Rudolf"]
[Result "1-0"]
[WhiteElo "2232"]
[BlackElo "2327"]
[PlyCount "118"]
[EventDate "2006.??.??"]
[Source "www.chesslib.no"]
[SourceDate "2004.05.04"]

1. Nf3 d5 2. d3 Nf6 3. Nbd2 d4 4. c3 dxc3 5. bxc3 g6 6. Bb2 Bg7 7. c4 O-O 8. g3 b6 9. Bg2 Bb7 10. O-O Nbd7 11. Rc1 Nc5 12. Re1 Ne6 13. d4 Nd7 14. Qc2 a5 15. e4 Nb8 16. e5 Nc6 17. d5 Nb4 18. Qb1 Nc5 19. Bf1 Bc8 20. Nd4 Bh6 21. f4 e6 22. a3 Nba6 23. Bg2 exd5 24. cxd5 Bb7 25. Ne4 Nxe4 26. Qxe4 Nc5 27. Qf3 Qd7 28. Nb3 Na6 29. Rcd1 Bg7 30. Na1 Rfd8 31. Rd2 Qa4 32. Red1 Nc5 33. Rd4 Qb5 34. R1d2 Bf8 35. Bf1 Qe8 36. Qd1 b5 37. Qc2 Bc8 38. d6 cxd6 39. exd6 Qe3+ 40. Rf2 Na4 41. Re4 Qb6 42. Rxa4 Bg7 43. Bxg7 bxa4 44. Be5 Bd7 45. Bc4 Rac8 46. Qe2 Bh3 47. Bxf7+ Kf8 48. Nc2 Rxc2 49. Qxc2 Kxf7 50. Qb2 Rc8 51. d7 Rc4 52. f5 Qe3 53. fxg6+ Ke6 54. d8=N+ Kd5 55. Qd2+ Qxd2 56. Rxd2+ Kxe5 57. gxh7 Rc1+ 58. Kf2 Rf1+ 59. Ke2 Rg1 1-0

[Event "Oberliga Bayern 9495"]
[Site "Bayern"]
[Date "1995.??.??"]
[Round "2"]
[White "Speckner, Roland"]
[Black "Andersen, Jens Knud"]
[Result "1-0"]
[WhiteElo "2290"]
[BlackElo "2260"]
[PlyCount "118"]
[EventDate "1994.10.??"]
[Source "www.chesslib.no"]
[SourceDate "2004.05.04"]

1. Nf3 d5 2. d3 Nf6 3. Bg5 Bg4 4. Nbd2 e6 5. e4 Be7 6. Be2 h6 7. Bf4 c5 8. h3 Bh5 9. O-O Nc6 10. Re1 O-O 11. c3 Bg6 12. Bf1 Qb6 13. Qb3 Qxb3 14. axb3 Rfd8 15. g4 a6 16. e5 Nd7 17. h4 Nb6 18. h5 Bh7 19. Rac1 d4 20. c4 Nb4 21. Ne4 Nc8 22. g5 hxg5 23. Nfxg5 Bf5 24. Rcd1 Bg4 25. Be2 Bxe2 26. Rxe2 b6 27. f3 Ra7 28. Rg2 Kf8 29. Nh7+ Kg8 30. Nhg5 Kf8 31. h6 gxh6 32. Nh7+ Ke8 33. Nhf6+ Bxf6 34. Nxf6+ Ke7 35. Bxh6 Rh8 36. Bg7 Rh3 37. Bf8+ Kd8 38. Bd6 Nxd6 39. exd6 Rh8 40. Kf2 Rd7 41. Rg7 Rf8 42. Nxd7 Kxd7 43. Ke2 Kxd6 44. Rh1 Nc6 45. f4 Na5 46. Ra1 Ke7 47. b4 cxb4 48. Ra4 b3 49. c5 Rc8 50. cxb6 Rc2+ 51. Kd1 Nb7 52. Rxa6 Kf6 53. Rg5 Rxb2 54. Rb5 Rb1+ 55. Kd2 Rb2+ 56. Kc1 Rc2+ 57. Kd1 Nc5 58. Ra7 Rg2 59. b7 Nxd3 1-0

[Event "Ch Belgium (team) 2006/07"]
[Site "Belgium"]
[Date "2007.01.14"]
[Round "6"]
[White "Vandendriessche Jan (BEL)"]
[Black "Diepeveen Vincent (NED)"]
[Result "0-1"]
[WhiteElo "2227"]
[BlackElo "2315"]
[PlyCount "72"]
[EventDate "2007.??.??"]
[Source "www.chesslib.no"]
[SourceDate "2004.05.04"]

1. Nf3 d5 2. d3 Nf6 3. Nbd2 c5 4. g3 Nc6 5. Bg2 e5 6. O-O Be7 7. e4 d4 8. Nc4 Qc7 9. a4 O-O 10. Nh4 Be6 11. Nf5 a6 12. f4 Nd7 13. Nxe7+ Nxe7 14. f5 Bxc4 15. dxc4 f6 16. Qh5 Qd8 17. g4 Qe8 18. Qh4 g5 19. fxg6 Qxg6 20. Bh6 Rf7 21. Ra3 Kh8 22. g5 Rg8 23. Rg3 f5 24. Bf3 fxe4 25. Bxe4 Rxf1+ 26. Kxf1 Nf5 27. Bxf5 Qxf5+ 28. Kg1 Nf8 29. Rg2 Ng6 30. Qg4 Qxg4 31. Rxg4 Re8 32. h4 e4 33. Kf2 d3 34. cxd3 exd3 35. b3 Nf4 36. Rg1 Nh3+ 0-1

[Event "Nuremberg Zabo op 4th"]
[Site "?"]
[Date "2002.09.??"]
[Round "4"]
[White "Martin Thomas"]
[Black "Roeder Gerd"]
[Result "1/2-1/2"]
[WhiteElo "2305"]
[BlackElo "2234"]
[PlyCount "21"]
[EventDate "2002.??.??"]
[Source "www.chesslib.no"]
[SourceDate "2004.05.04"]

1. Nf3 d5 2. d3 Nf6 3. Nbd2 Nc6 4. e4 e5 5. c3 Be7 6. Be2 a5 7. a4 O-O 8. O-O h6 9. Qc2 Be6 10. Re1 Nd7 11. exd5 1/2-1/2

[Event "BL2-O 9495"]
[Site "GER"]
[Date "1995.??.??"]
[Round "?"]
[White "Janoschka, Arnd"]
[Black "Morlo, Michael"]
[Result "1/2-1/2"]
[WhiteElo "2215"]
[BlackElo "2295"]
[PlyCount "153"]
[EventDate "1994.10.??"]
[Source "www.chesslib.no"]
[SourceDate "2004.05.04"]

1. Nf3 d5 2. d3 Nf6 3. Nbd2 Bg4 4. e4 Nbd7 5. Be2 e5 6. exd5 Nxd5 7. Nxe5 Bxe2 8. Qxe2 Nf4 9. Qe4 Nxe5 10. Qxe5+ Qe7 11. Qxe7+ Bxe7 12. g3 Ne6 13. Nf3 Bf6 14. Rb1 O-O-O 15. Be3 Rhe8 16. O-O g6 17. Rfe1 Rd5 18. Kg2 Red8 19. Nd2 Bg7 20. Nb3 R8d6 21. f3 Ra6 22. a3 Rc6 23. Re2 Bf6 24. Rd2 Rcd6 25. Kf2 Rh5 26. Kg2 Re5 27. Bg1 Red5 28. Kf1 Ng5 29. Kg2 Ne6 30. f4 g5 31. fxg5 Bxg5 32. Re2 Bf6 33. Rf2 Nd8 34. Nd2 Rc6 35. Nc4 b5 36. Ne3 Rd7 37. Nf5 Kb7 38. Re2 Ne6 39. b3 Rd5 40. Rf1 Nd8 41. Rf3 Re5 42. Rff2 Rxe2 43. Rxe2 Ne6 44. c4 Ra6 45. Ra2 bxc4 46. dxc4 Ra5 47. Ne3 c6 48. a4 Bd4 49. Rd2 Kc7 50. h4 f5 51. Kf3 Re5 52. Bf2 a5 53. Nd5+ cxd5 54. Bxd4 Re4 55. Bc3 dxc4 56. Bxa5+ Kc6 57. bxc4 Rxc4 58. Ra2 Nc5 59. Ra3 Kd7 60. Rc3 Rxc3+ 61. Bxc3 Nxa4 62. Bd4 Ke6 63. Kf4 Kd5 64. Be3 Ke6 65. Kg5 Nc3 66. Kh6 Ne4 67. Bf4 Nf6 68. Kg7 Ne4 69. Kxh7 Kf6 70. h5 Kf7 71. Kh6 Kf6 72. Bc7 Kf7 73. Be5 Ke6 74. Bf4 Kf6 75. Kh7 Kf7 76. Bc7 Nf6+ 77. Kh6 1/2-1/2

[Event "Balaton op"]
[Site "?"]
[Date "2001.09.10"]
[Round "9"]
[White "Habibi Ali"]
[Black "Kincs Imre"]
[Result "0-1"]
[WhiteElo "2250"]
[BlackElo "2252"]
[PlyCount "126"]
[EventDate "2001.??.??"]
[Source "www.chesslib.no"]
[SourceDate "2004.05.04"]

1. Nf3 d5 2. d3 Nf6 3. g3 Bg4 4. Nbd2 e6 5. Bg2 Nbd7 6. O-O Bd6 7. Qe1 O-O 8. e4 dxe4 9. dxe4 e5 10. Nh4 c6 11. h3 Bh5 12. Nf5 Bc7 13. b3 Bg6 14. Ba3 c5 15. Ne3 Qe7 16. Qe2 Ba5 17. f3 b5 18. Rad1 a6 19. c4 Bc3 20. g4 Bd4 21. Kh1 Nb6 22. Nc2 b4 23. Bc1 Rad8 24. a4 h6 25. Nb1 Rfe8 26. Rd3 Nbd7 27. Rfd1 Nb8 28. Nd2 Nc6 29. Nf1 Bc3 30. Rxd8 Rxd8 31. Rxd8+ Qxd8 32. Nfe3 Na5 33. Nd5 Nxb3 34. Be3 Nd4 35. Nxd4 cxd4 36. Bc1 b3 37. Qd1 Nxd5 38. cxd5 b2 39. Bxb2 Bxb2 40. Qb3 Bc1 41. Qc4 Bf4 42. Qxa6 Qh4 43. Qe2 Qg3 44. Kg1 Qh2+ 45. Kf1 Be3 46. Ke1 Bg5 47. Bf1 Qf4 48. Kf2 Bh4+ 49. Kg1 Qc1 50. a5 Qc5 51. Qb5 Qc3 52. a6 Qxf3 53. Qe2 Qa3 54. Qd3 Qa2 55. Be2 Qa5 56. Bf1 Qe1 57. Qe2 Qg3+ 58. Kh1 Qa3 59. Qd3 Qa5 60. Kh2 Bg5 61. Be2 Be3 62. Qb1 Qd2 63. Qd1 Bf4+ 0-1